000 01251nam a2200253Ia 4500
999 _c50737
_d50737
001 17689
003 GE_BSU
005 20250423101332.0
008 181216s2013||||ge |||||||||||||| ||geo||
020 _a9789941056956
040 _cGE_BSU
041 _ageo
080 _a630.17(479.22) კ-75
100 _aკოპალიანი, ლია
_924437
245 _aსაქართველოს ტყის მცენარეები :
_b(ხეები,ბუჩქები,ბალახები) : [დამხმ. სახელმძღვ.] /
_cლია კოპალიანი ; რედ.: რამაზ კილაძე, შორენა კაპანაძე.
264 _aქუთაისი :
_bსაგამომცემლო ცენტრი,
_c2013.
300 _a148 გვ. ;
_b20 სმ.
300 _eბიბლ.:გვ.141;ილ
504 _aბიბლიოგრ.: გვ. 141.
653 _aსაქართველოს ტყის მცენარეები
700 _aკილაძე, რამაზ
_eრედაქტორი
_916987
700 _aკაპანაძე, შორენა
_eრედაქტორი
_920757
942 _cBK
_2udc